Tribunais de contas : (Record no. 950)

MARC details
000 -LÍDER
Campo Fixo de Controle 00803nam a2200241 a 4500
001 - NÚMERO DE CONTROLE
Campo de Controle 950
003 - IDENTIFICAÇÃO DO NÚMERO DE CONTROLE
Campo de Controle BR-CuiBMT
005 - DATA E HORA DA ÚLTIMA ATUALIZAÇÃO
Campo de Controle 20231123211211.0
008 - DADOS FIXOS
Dados Fixos 231123s2016 gera 000 0 por d
020 ## - INTERNATIONAL STANDARD BOOK NUMBER
Nº do ISBN 9783330726994
040 ## - AGÊNCIA CATALOGADORA
Código da Agência Catalogadora BR-CuiBMT
Agência que transcreveu o registro BR-CuiBMT
080 ## - Nº DA CLASSIFICAÇÃO DECIMAL UNIVERSAL
Nº edição CDU 2007
Nº Class. CDU 351.94:336.148
090 ## - NÚMERO DE CHAMADA
Nº classificação 351.94:336.148
Cutter P687t
100 10 - ENTRADA PRINCIPAL -- AUTOR PESSOAL
Nome pessoal Pitsica, George Brasil Paschoal
245 ## - TÍTULO PRINCIPAL
Título principal Tribunais de contas :
Subtítulo integração pela jurisprudência /
Indicação de responsabilidade George Brasil Paschoal Pítsica.
260 ## - PUBLICAÇÃO, DISTRIBUIÇÃO, ETC.
Local de publicação Deutschland:
Editora Novas edições acadêmicas,
Data 2016.
300 ## - DESCRIÇÃO FÍSICA
N. páginas ou volumes 129 p. :
Ilustrações il.
Dimensões 22 cm
504 ## - NOTA DE BIBLIOGRAFIA, ETC.
Nota de bibliografia inclui bibliografia.
650 ## - ASSUNTO TÓPICO
Cabeçalho tópico ou nome geográfico Tribunal de contas
Subdivisão de forma jurisprudência
Subdivisão geográfica Brasil
650 ## - ASSUNTO TÓPICO
Cabeçalho tópico ou nome geográfico Tribunal de contas
Subdivisão geral competência
Subdivisão geográfica Brasil
650 ## - ASSUNTO TÓPICO
Cabeçalho tópico ou nome geográfico Tribunal de contas
Subdivisão geral súmula
Subdivisão geográfica Brasil
942 ## - ELEMENTOS DE ENTRADA ADICIONAIS (KOHA)
Fonte de classificação ou esquema de arquivamento Classificação Decimal Universal
Tipo de item do Koha Livros
Holdings
Estado: removido Estado: perdido Fonte de classificação ou esquema de arquivamento Estado: danificado Indisponível para empréstimo Localização permanente Localização atual Data de aquisição Total Checkouts Número de Chamada completo Código de barras Date last seen Número do exemplar Preço efetivo a partir de Tipo de item (Koha)
    Classificação Decimal Universal     Biblioteca da Escola Superior de Contas do TCE/MT Biblioteca da Escola Superior de Contas do TCE/MT 23/11/2023   351.94:336.148 P687t BIBTCEMT23111003 23/11/2023 Ex. 1 23/11/2023 Livros

Powered by Koha